000
00203 a2200109 4500
020
_a
9781338155501
041
_a
spa
100
_a
Blabey Aaron
245
_a
Los Tipos Malos
942
_c
BK
952
_7
4
999
_c
22029
_d
22029